[Event "Lloyds Bank op"]
[Site "London"]
[Date "1992.??.??"]
[Round "?"]
[White "Pritchett, Craig William"]
[Black "Van Wely, Loek"]
[Result "1/2-1/2"]
[WhiteElo "2350"]
[BlackElo "2525"]

1.Nf3 d5 2.c4 c6 3.d4 Nf6 4.Nc3 e6 5.e3 Nbd7 6.Qc2 Bd6 7.Be2 O-O 8.O-O Qe7
9.Rd1 b6 10.e4 Nxe4 11.Nxe4 dxe4 12.Qxe4 Bb7 13.Bf4 Bxf4 14.Qxf4 Nf6 15.Ne5 c5
16.Bf3 Bxf3 17.Qxf3 Rac8 18.h3 Qd6 19.Qe3 Rfd8 20.Nf3 a6 21.Rd2 cxd4 22.Rxd4 Qc7
23.Rad1 Rxd4 24.Qxd4 h6 25.Ne5 b5 26.b3 bxc4 27.bxc4 Qa5 28.Rd2 Ne4 29.Re2 Nc5
30.Re3 Rd8 31.Qh4 Rd1+ 32.Kh2 Qc7 33.f4 Rd4 34.Qg4 Ne4 35.Qe2 Nd6 36.Rd3 Rxf4
37.Qd2 Rf5 38.Rxd6 Rxe5 39.Rd8+ Kh7 40.Rd7 Qxc4 41.Rxf7 Qe2 42.Qxe2 Rxe2
43.Ra7 Rxa2 44.Re7 Re2 45.Ra7 h5 46.Kg3 Kg6 47.Rxa6 Re5 48.Kf4 Kf6 49.h4 Rd5
50.g3 Rd4+ 51.Ke3 Rb4 52.Kf3 g6 53.Ra8 Kf5 54.Rf8+ Ke5 55.Rf7 Rb3+ 56.Kf2 Rb5
57.Ke3 Rb4 58.Kf3 Kd6 59.Rg7 Rg4 60.Rg8 Ke7 61.Rg7+ Kf6 62.Rg8 Rc4 63.Rf8+ Ke5
64.Rf7 Rc3+ 65.Kf2 Rc6 66.Ke3 Kd5 67.Rd7+ Rd6 68.Rg7 e5 69.Rg8 Ra6 70.Rg7 Ra3+
71.Kf2 Ke4 72.Rxg6 Ra2+ 73.Kf1 Kf3 74.Rf6+ Kxg3 75.Rf5 e4 76.Rxh5 Kf3 77.Rf5+ Ke3
78.h5 Ra6 79.Rb5 Kf3 80.Rf5+ Kg4  1/2-1/2

[Event "Lloyds Bank op"]
[Site "London"]
[Date "1992.??.??"]
[Round "?"]
[White "Adler, Joel"]
[Black "Van Wely, Loek"]
[Result "1-0"]
[WhiteElo "2315"]
[BlackElo "2525"]

1.d4 Nf6 2.c4 c6 3.Nc3 d5 4.e3 e6 5.Nf3 Nbd7 6.b3 Bd6 7.Bb2 O-O 8.Be2 Qe7
9.O-O Re8 10.Qc2 dxc4 11.Bxc4 b5 12.Bd3 Bb7 13.Ne4 Nxe4 14.Bxe4 h6 15.Qe2 Rac8
16.Rfd1 a6 17.a4 b4 18.Rac1 a5 19.Ne5 Nxe5 20.dxe5 Bb8 21.Qf3 Qg5 22.Rd7 Re7
23.Rcd1 Kf8 24.Rd8+ Rxd8 25.Rxd8+ Re8 26.Rd7 Re7 27.Rd8+ Re8 28.Rxe8+ Kxe8
29.Bxc6+ Bxc6 30.Qxc6+ Kd8 31.Qa8 Kc8 32.Qa6+ Kd7 33.Qxa5 Qf5 34.Qb5+ Kc8
35.Qc4+ Kd7 36.e4 Qh5 37.Qd4+ Ke8 38.Qd3 Ba7 39.h3 Qh4 40.Bd4 Bxd4 41.Qxd4 Qf4
42.Qc4 Qd2 43.Qc6+ Ke7 44.Qd6+ Qxd6 45.exd6+ Kxd6 46.f3 Kc5 47.Kf2 Kd4 48.Ke2 Kc3
49.a5  1-0

[Event "Madrid"]
[Site "Madrid"]
[Date "1992.??.??"]
[Round "2"]
[White "Epishin, Vladimir"]
[Black "Polgar, Zsuzsa"]
[Result "1-0"]
[WhiteElo "2620"]
[BlackElo "2530"]

1.d4 d5 2.c4 c6 3.Nc3 Nf6 4.e3 e6 5.Nf3 Nbd7 6.Qc2 Bd6 7.Be2 O-O 8.O-O dxc4
9.Bxc4 a6 10.Rd1 b5 11.Be2 Qc7 12.e4 e5 13.g3 Re8 14.a3 Bb7 15.Bg5 h6 16.dxe5 Bxe5
17.Nxe5 hxg5 18.Nxd7 Nxd7 19.Qd2 Nf6 20.Qxg5 Nxe4 21.Nxe4 Rxe4 22.Bf3 Re5
23.Rd7 Qxd7 24.Qxe5 Re8 25.Qc3 Qf5 26.Rd1 a5 27.Kg2 a4 28.h4 Ba8 29.Re1 Rc8
30.Re5 Qf6 31.Qe3 Kf8 32.h5 Rd8 33.g4 Bb7 34.g5 Qd6 35.h6 g6 36.Qc3 Qd4 37.Rc5 Qxc3
38.bxc3 Re8 39.c4 bxc4 40.Kg3 f6 41.Rxc4 fxg5 42.Rxa4 Re1 43.Ra7 Rg1+ 44.Kh2 Rb1
45.h7  1-0

[Event "Madrid"]
[Site "Madrid"]
[Date "1992.??.??"]
[Round "4"]
[White "Karpov, Anatoly"]
[Black "Polgar, Zsuzsa"]
[Result "1-0"]
[WhiteElo "2725"]
[BlackElo "2530"]

1.d4 d5 2.c4 c6 3.Nc3 Nf6 4.e3 e6 5.Nf3 Nbd7 6.Qc2 Bd6 7.Be2 O-O 8.O-O dxc4
9.Bxc4 a6 10.Rd1 b5 11.Bf1 c5 12.dxc5 Bxc5 13.Ng5 Bb7 14.Nce4 Nxe4 15.Nxe4 Be7
16.Nd6 Bd5 17.e4 Bxd6 18.exd5 Rc8 19.Qe2 exd5 20.Rxd5 Nf6 21.Rd3 Qc7 22.g3 Bc5
23.Be3 Bxe3 24.Rxe3 Rfe8 25.Rd1 h6 26.a3 Rxe3 27.Qxe3 Ng4 28.Qe4 Ne5 29.Rd5 Nc4
30.Qd4 Re8 31.Rc5 Nd2 32.Rxc7 Nf3+ 33.Kg2 Nxd4 34.Rd7 Nc6 35.Rd6 Re6 36.Rxe6 fxe6
37.Kf3 Kf7 38.Ke4 Ke7 39.a4 Na7 40.axb5 axb5 41.f4 Kd6 42.Bd3 Kd7 43.Be2 Kd6
44.Bf1 Kd7 45.f5 Kd6 46.fxe6 Kxe6 47.Bh3+ Kd6 48.Kf5 g5 49.Kg6 Ke7 50.Kxh6 Kf6
51.Bd7 Ke7 52.Bxb5 Nxb5 53.Kxg5 Kf7 54.Kh6 Nd4 55.g4 Nf3 56.h3 Kf6 57.b4  1-0

[Event "ESP-ch"]
[Site "Madrid"]
[Date "1992.??.??"]
[Round "4"]
[White "Izeta Txabarri, Felix"]
[Black "Alvarez Ibarra, D Rafael"]
[Result "1-0"]
[WhiteElo "2445"]
[BlackElo "2365"]

1.Nf3 d5 2.c4 c6 3.d4 e6 4.e3 Nf6 5.Nc3 Nbd7 6.Bd3 dxc4 7.Bxc4 b5 8.Be2 Bb7
9.O-O a6 10.e4 c5 11.e5 Nd5 12.a4 c4 13.Ne4 N5b6 14.Nfg5 Be7 15.a5 Nd5 16.f4 O-O
17.f5 exf5 18.Rxf5 h6 19.Nh3 f6 20.e6 Nc7 21.Bf3 Nxe6 22.Be3 Rb8 23.d5 Nec5
24.Nf4 Rc8 25.Kh1 Ne5 26.Bxc5 Bxc5 27.Ne6 Qe7 28.N6xc5 Nxf3 29.d6 Qf7 30.d7 Rcd8
31.Qxf3 Ba8 32.Rd1 Qe7 33.h3 Kh8 34.Qg4 Rf7 35.Qf4 g6 36.Qxh6+ Rh7 37.Qxg6 Bxe4
38.Nxe4 Rxh3+ 39.Kg1  1-0

[Event "ESP-ch"]
[Site "Madrid"]
[Date "1992.??.??"]
[Round "8"]
[White "San Segundo, Pablo"]
[Black "Fernandez Aguado, Enrique"]
[Result "1-0"]
[WhiteElo "2425"]
[BlackElo "2345"]

1.d4 d5 2.c4 e6 3.Nf3 c6 4.Nc3 Nf6 5.e3 Nbd7 6.Bd3 Bd6 7.O-O O-O 8.e4 dxc4
9.Bxc4 e5 10.Re1 Qe7 11.h3 Bc7 12.Bb3 exd4 13.Nxd4 Nc5 14.e5 Nxb3 15.exf6 Qd6
16.axb3 Qh2+ 17.Kf1 Rd8 18.Qh5 Qh1+ 19.Ke2 Qxg2 20.Be3 Qxh3 21.Qxh3 Bxh3
22.Rh1 Bg4+ 23.f3 Be5 24.Rhg1 Bxd4 25.Bxd4 Rxd4 26.Rxg4 Rxg4 27.fxg4 gxf6
28.Kf3 Kg7 29.Ne4 Kg6 30.Kf4 a5 31.Nd6 b6 32.Nf5 h6 33.Rh1 Rh8 34.Ne7+ Kg7
35.Nxc6 Rc8 36.Nd4 Rc5 37.Rh5 Rc1 38.Nf5+ Kg8 39.Nxh6+ Kf8 40.Rb5 Rf1+ 41.Ke4 Re1+
42.Kd3 Re6 43.Nf5 Rc6 44.Rd5  1-0

[Event "Balkaniad"]
[Site "Mangalia"]
[Date "1992.??.??"]
[Round "1"]
[White "Skembris, Spyridon"]
[Black "Delchev, Aleksander"]
[Result "1-0"]
[WhiteElo "2530"]
[BlackElo "2430"]

1.d4 d5 2.Nf3 Nf6 3.c4 c6 4.e3 e6 5.Nc3 Nbd7 6.Qc2 Bd6 7.b3 O-O 8.Be2 Re8
9.O-O Qe7 10.Rd1 dxc4 11.bxc4 e5 12.Rb1 e4 13.Nd2 Nf8 14.a4 h5 15.c5 Bc7
16.Ba3 h4 17.Nc4 h3 18.g3 Qe6 19.Nd6 Bxd6 20.cxd6 N8h7 21.d5 Qf5 22.a5 Ng5
23.a6 Nf3+ 24.Kh1 Ng4 25.Rf1 Bd7 26.axb7 Rab8 27.Bc5 Nfxh2 28.Bxg4 Nxg4 29.f3 Nf6
30.Bxa7 Nh5 31.Kh2 Qg6 32.Rg1 cxd5 33.Bxb8 Rxb8 34.Nxd5 Qxd6 35.fxe4 Nf6
36.Nxf6+ Qxf6 37.Rb2 Qe5 38.Rgb1 g6 39.Ra2 Kh7 40.Ra8 Qe8 41.Rxb8  1-0

[Event "Balkaniad"]
[Site "Mangalia"]
[Date "1992.??.??"]
[Round "3"]
[White "Berovski, Krum"]
[Black "Ceteras, Marius"]
[Result "1/2-1/2"]
[WhiteElo "2250"]
[BlackElo "2320"]

1.d4 d5 2.c4 c6 3.Nc3 Nf6 4.e3 e6 5.Nf3 Nbd7 6.Bd3 dxc4 7.Bxc4 b5 8.Bd3 Bb7
9.O-O b4 10.Na4 Be7 11.e4 O-O 12.Qc2 h6 13.h3 Rc8 14.e5 Nd5 15.Qe2 Re8 16.Qe4 Nf8
17.Nc5 Bxc5 18.dxc5 Qa5 19.Qg4 Kh8 20.Qh5 Kg8 21.Bxh6 gxh6 22.Qxh6 Qd8 23.Ng5 f5
24.exf6 Qxf6 25.Bh7+ Nxh7 26.Qxh7+ Kf8 27.Ne4 Qg7 28.Qxg7+ Kxg7 29.Nd6 Re7
30.Nxc8 Bxc8 31.f4 Rf7 32.g3 e5 33.fxe5 Bxh3 34.Rxf7+ Kxf7 35.Kf2 Bf5 36.Rh1 Kg7
37.Rh4 a5 38.Ke2 Bg6 39.Kd2 Bb1 40.a3 Bg6 41.axb4 axb4 42.Rg4 b3 43.Ra4 Kf7
44.Ra6 Ne7 45.Kc3 Bc2 46.Kd4 Ke6 47.g4 Bd1 48.Rb6 Bxg4 49.Rxb3 Bd1 50.Rd3 Bc2
51.Rd2 Nf5+ 52.Kc3 Be4 53.Rd8 Ne7 54.Re8  1/2-1/2

[Event "Manila ol (Men)"]
[Site "Manila"]
[Date "1992.??.??"]
[Round "?"]
[White "Cooper, John Grantley"]
[Black "Rodgaard, John"]
[Result "1/2-1/2"]
[WhiteElo "2360"]
[BlackElo "2360"]

1.d4 d5 2.c4 c6 3.Nf3 Nf6 4.Nc3 e6 5.e3 Nbd7 6.Qc2 Be7 7.b3 O-O 8.Be2 b6
9.O-O Bb7 10.Bb2 Rc8 11.Rfd1 Qc7 12.Rac1 Rfd8 13.Qb1 Qb8  1/2-1/2

[Event "Manila ol (Men)"]
[Site "Manila"]
[Date "1992.??.??"]
[Round "?"]
[White "Damaso, Rui"]
[Black "Abdennabi, Imed"]
[Result "0-1"]
[WhiteElo "2450"]
[BlackElo "2395"]

1.d4 Nf6 2.Nf3 d5 3.c4 e6 4.Nc3 c6 5.e3 Nbd7 6.Qc2 Bd6 7.Be2 dxc4 8.Bxc4 O-O
9.O-O b5 10.Be2 Bb7 11.Bd2 Rc8 12.Ne4 Nxe4 13.Qxe4 Nf6 14.Qh4 c5 15.Bxb5 Bxf3
16.gxf3 Qb6 17.a4 a6 18.Bd3 Qxb2 19.Ba5 Qb3 20.Bxa6 Ra8 21.Rfb1 Qc2 22.dxc5 Rxa6
23.Rb5 Be5 24.Rf1 Rfa8 25.f4 Qxa4 26.Rfb1 Rxa5 27.Rxa5 Qxa5 28.fxe5 Nd5 29.c6 Qc5  0-1

[Event "Manila ol (Men)"]
[Site "Manila"]
[Date "1992.??.??"]
[Round "?"]
[White "Beliavsky, Alexander G"]
[Black "Khalifman, Alexander"]
[Result "1/2-1/2"]
[WhiteElo "2620"]
[BlackElo "2625"]

1.Nf3 Nf6 2.c4 c6 3.Nc3 d5 4.e3 e6 5.d4 Nbd7 6.Bd3 dxc4 7.Bxc4 b5 8.Bd3 Bb7
9.O-O a6 10.e4 c5 11.d5 c4 12.Bc2 Qc7 13.Qe2 Bd6 14.Bg5 e5 15.a4 b4 16.Nd1 a5
17.Rc1 Ba6 18.Ne3 O-O 19.Bxf6 Nxf6 20.Nd2 Rfc8 21.Bb1 c3 22.Bd3 Bxd3 23.Qxd3 Rab8
24.bxc3 bxc3 25.Nf5 Bf8 26.d6 Qc6 27.Ne7+ Bxe7 28.dxe7 Qc5 29.Nf3 h6  1/2-1/2

[Event "Manila ol (Women)"]
[Site "Manila"]
[Date "1992.??.??"]
[Round "?"]
[White "Tsiganova, Monika"]
[Black "Shumiakina, Tatiana"]
[Result "0-1"]
[WhiteElo "2245"]
[BlackElo "2340"]

1.d4 d5 2.c4 e6 3.Nc3 c6 4.e3 Nf6 5.Nf3 Nbd7 6.Bd3 dxc4 7.Bxc4 b5 8.Bd3 Bb7
9.O-O a6 10.e4 c5 11.d5 c4 12.Bc2 Qc7 13.Qe2 Bd6 14.dxe6 fxe6 15.Ng5 Nc5
16.f4 h6 17.Nh3 Nd3 18.e5 Bc5+ 19.Kh1 Nd5 20.Ne4 O-O-O 21.Nxc5 Qxc5 22.Bxd3 cxd3
23.Qg4 Kb8 24.Nf2 Nb6 25.Bd2 Nc4 26.b4 Qd4 27.Rad1 Qb2 28.Bc1 Qc2 29.Qg6 Qe2
30.Rde1 Qxa2 31.Be3 d2 32.Ra1 d1=Q  0-1

[Event "Manila ol (Women)"]
[Site "Manila"]
[Date "1992.??.??"]
[Round "?"]
[White "Litinskaya, Marta I"]
[Black "Shumiakina, Tatiana"]
[Result "1/2-1/2"]
[WhiteElo "2370"]
[BlackElo "2040"]

1.d4 d5 2.c4 e6 3.Nc3 c6 4.e3 Nf6 5.Nf3 Nbd7 6.Qc2 Bd6 7.Be2 O-O 8.O-O Qe7
9.h3 b6 10.e4 Nxe4 11.Nxe4 dxe4 12.Qxe4 Bb7 13.Bg5 Nf6 14.Qh4 h6 15.Bxf6 Qxf6
16.Qxf6 gxf6 17.Nd2 c5 18.dxc5 Bxc5 19.Bf3 Bxf3 20.Nxf3 Rfd8 21.Rfd1 Kf8
22.Kf1 Ke7 23.Ke2 Rac8 24.Rac1 h5 25.Rc2 Rxd1 26.Kxd1 f5 27.Ke2 Rg8 28.Kf1 Rd8
29.Rd2 Rxd2 30.Nxd2 Bd4 31.b3 e5 32.f3 Bc3 33.Nb1 Bd4 34.Ke2 f4 35.Kd3 a5
36.Na3 f5 37.Nb5 Bc5 38.Nc7 Kd7 39.Nd5 Ke6 40.a3 Bxa3 41.Nxb6 Bc5 42.Nd5 Bb4
43.Nc7+ Kd7 44.Nd5 Ke6 45.Ke2 h4 46.Kd3 Bc5 47.Kc3 Bd4+ 48.Kd3 Bc5 49.Nc7+ Kd7
50.Nd5 Ke6  1/2-1/2

[Event "Manila ol (Women)"]
[Site "Manila"]
[Date "1992.??.??"]
[Round "?"]
[White "Gokhale, Anupama"]
[Black "Erneste, Inguna"]
[Result "1-0"]
[WhiteElo "2200"]
[BlackElo "2320"]

1.d4 d5 2.c4 c6 3.e3 Nf6 4.Nc3 e6 5.Nf3 a6 6.Bd3 dxc4 7.Bxc4 c5 8.O-O b5
9.Bd3 Bb7 10.Qe2 Nbd7 11.Rd1 Qb8 12.dxc5 Bxc5 13.Ng5 h6 14.Nge4 O-O 15.Nxc5 Nxc5
16.b4 Nxd3 17.Rxd3 Rd8 18.Bb2 Rxd3 19.Qxd3 Qc7 20.Rd1 Rc8 21.a3 Qe5 22.f3 Qg5
23.e4 h5 24.Qd2 Qxd2 25.Rxd2 Kf8 26.Ne2 Ke7 27.Bxf6+ gxf6 28.Kf2 h4 29.Ke3 Rc4
30.Rd3 Rc7 31.Rc3 Rd7 32.Nd4 Kd6 33.Nb3 Rc7 34.Rxc7 Kxc7 35.Kf4 Kd6 36.Kg4 Ke5
37.Kxh4 Kf4 38.Kh5 e5 39.h4 Kg3 40.Kh6 Kxh4 41.Kg7 f5 42.exf5 Bd5 43.Nc5 Kg5
44.f6 Kf4 45.Nd3+ Kf5 46.g4+ Ke6 47.g5 Kf5 48.Nxe5 Kxe5 49.g6 fxg6 50.Kxg6 Ke6
51.Kg7  1-0

[Event "Manila ol (Women)"]
[Site "Manila"]
[Date "1992.??.??"]
[Round "?"]
[White "Galliamova, Alisa"]
[Black "Erneste, Inguna"]
[Result "1-0"]
[WhiteElo "2410"]
[BlackElo "2320"]

1.d4 d5 2.c4 c6 3.Nc3 Nf6 4.e3 e6 5.Nf3 a6 6.Qc2 dxc4 7.Bxc4 c5 8.O-O b5
9.Be2 Nbd7 10.Rd1 Bb7 11.dxc5 Bxc5 12.Ne5 Qc8 13.Nxd7 Nxd7 14.Nxb5 O-O 15.Nd4 Bd5
16.Nb3 Rb8 17.Bd2 Rb6 18.Nxc5 Nxc5 19.f3 Rc6 20.Bc3 f5 21.Rac1 Qb7 22.b3 Rfc8
23.Qd2 Qc7 24.Bb2 Rd8 25.Qe1 e5 26.Rc4 Ne6 27.Rcc1 Qb6 28.Rxc6 Qxc6 29.Qc3 Qb7
30.Qxe5 Rd7 31.e4 fxe4 32.fxe4 Qb6+ 33.Kh1  1-0

[Event "Manila ol (Women)"]
[Site "Manila"]
[Date "1992.??.??"]
[Round "?"]
[White "Akhmilovskaya, Elena"]
[Black "Tazhieva, Lyazzat"]
[Result "1/2-1/2"]
[WhiteElo "2405"]
[BlackElo "2190"]

1.d4 d5 2.c4 c6 3.Nf3 Nf6 4.Nc3 e6 5.e3 Nbd7 6.Bd3 dxc4 7.Bxc4 b5 8.Be2 Bb7
9.O-O a6 10.e4 b4 11.e5 bxc3 12.exf6 gxf6 13.bxc3 c5 14.c4 cxd4 15.Qxd4 Rg8
16.Rb1 Nc5 17.Qxd8+ Rxd8 18.Be3 Be4 19.Rbd1 Na4 20.Rxd8+ Kxd8 21.Bd4 e5 22.Ba1 Bc5
23.g3 Ke7 24.Nd2 Bc6 25.Nb3 Ke6 26.Nxc5+ Nxc5 27.Rd1 f5 28.Kf1 Rb8 29.f3 Ba4
30.Re1 f6 31.Kf2 Bc2 32.Rc1 Rb1 33.Rxb1 Bxb1 34.a3 Bd3 35.Bxd3 Nxd3+ 36.Ke2 Nc5
37.Bb2 h5 38.Bc1 Kd6 39.Bh6 Ke6 40.Ke3 Nb3 41.Bf8 Kd7 42.Kd3 Ke6 43.Bb4 Nd4  1/2-1/2

[Event "Manila ol (Men)"]
[Site "Manila"]
[Date "1992.??.??"]
[Round "?"]
[White "Morris, Charles F"]
[Black "Nadera, Barlo A"]
[Result "0-1"]
[WhiteElo "2225"]
[BlackElo "2390"]

1.c4 e6 2.Nc3 d5 3.d4 Nf6 4.Nf3 c6 5.e3 Nbd7 6.Bd3 dxc4 7.Bxc4 b5 8.Bd3 Bb7
9.O-O Rc8 10.a3 a5 11.e4 b4 12.axb4 axb4 13.Na4 c5 14.e5 Nd5 15.Nxc5 Bxc5
16.dxc5 h6 17.Nd4 O-O 18.c6 Bxc6 19.Bb1 Nxe5 20.f4 Ng6 21.f5 exf5 22.Bxf5 Ra8
23.Rxa8 Bxa8 24.Bb1 Qb6 25.Kh1 Rd8 26.Qd3 Nf6 27.Be3 Qb7 28.Qe2 Nh4 29.Nf3 Nxf3
30.Rxf3 Qd7 31.Rf1 Rf8 32.Bd3 Qh3  0-1

[Event "Manila ol (Men)"]
[Site "Manila"]
[Date "1992.??.??"]
[Round "?"]
[White "Olafsson, Helgi"]
[Black "Rasmussen, Karsten"]
[Result "1-0"]
[WhiteElo "2525"]
[BlackElo "2450"]

1.d4 d5 2.Nf3 c6 3.c4 Nf6 4.Nc3 e6 5.e3 Nbd7 6.Qc2 Bd6 7.b3 O-O 8.Be2 e5
9.cxd5 Nxd5 10.Nxd5 cxd5 11.dxe5 Nxe5 12.Bb2 Nxf3+ 13.Bxf3 Bb4+ 14.Kf1 Be6
15.Qd3 Be7 16.Ke2 Qd7 17.Rhd1 Rfd8 18.Kf1 Rac8 19.Qe2 Qc7 20.g3 Qa5 21.Rd4 Bc5
22.Ra4 Qb6 23.Kg2 d4 24.exd4 Bxd4 25.Bxd4 Rxd4 26.Qe5 Rcd8 27.Re1 Qd6 28.Rxd4 Qxd4
29.Rd1 Qb6 30.Qc5 Rb8 31.Qxb6 axb6 32.Rd6 b5 33.Rb6 Kf8 34.Rxb5 b6 35.a4 Bd7
36.Rb4 Bc8 37.a5 b5 38.Rd4 Ke7 39.Bc6 b4 40.Kf3 Ba6 41.Ke4 Ke6 42.Rd5 Be2
43.Kd4 f6 44.f4 g6 45.g4 h5 46.f5+ gxf5 47.gxf5+ Ke7 48.Rd7+ Kf8 49.Bb7  1-0

[Event "Manila ol (Men)"]
[Site "Manila"]
[Date "1992.??.??"]
[Round "?"]
[White "Van der Sterren, Paul"]
[Black "Hort, Vlastimil"]
[Result "1/2-1/2"]
[WhiteElo "2535"]
[BlackElo "2560"]

1.d4 d5 2.c4 c6 3.Nf3 e6 4.Nc3 Nf6 5.e3 Nbd7 6.Qc2 Bd6 7.Be2 O-O 8.O-O Re8
9.Rd1 b6 10.b3 Bb7 11.Bb2 Qe7 12.e4 dxe4 13.Nxe4 Nxe4 14.Qxe4 Rad8 15.Ne5 f5
16.Qe3 Nxe5  1/2-1/2

[Event "Manila ol (Men)"]
[Site "Manila"]
[Date "1992.??.??"]
[Round "?"]
[White "Suba, Mihai"]
[Black "Mascarinas, Rico"]
[Result "1/2-1/2"]
[WhiteElo "2520"]
[BlackElo "2450"]

1.d4 Nf6 2.c4 e6 3.Nc3 d5 4.Nf3 c6 5.e3 Nbd7 6.Bd3 Bd6 7.e4 dxe4 8.Nxe4 Nxe4
9.Bxe4 Bb4+ 10.Ke2 O-O 11.Bc2 Bd6 12.Qd3 f5 13.Rd1 Qe8 14.Kf1 Qh5 15.h3 e5
16.dxe5 Bxe5 17.Nxe5 Nxe5 18.Qc3 f4 19.Re1 Ng6 20.Bd1 Qg5 21.b3 Bf5 22.Bb2 Nh4
23.Bf3 Rae8 24.Rad1 Qg6 25.Rxe8 Rxe8 26.Rd4 Nxf3 27.Qxf3 Be4 28.Qg4 Qxg4
29.hxg4 f3 30.gxf3 Bxf3 31.Rd7 g6 32.Rg7+ Kf8 33.Rxb7 Rd8 34.Kg1 a6 35.g5 Rd2
36.Bg7+ Ke8 37.a4 Ra2 38.Bf6 Bd1 39.Kg2 Rd2 40.a5 Rd3 41.b4 Bb3 42.c5 Rd7
43.Rb6 Bc4 44.Kg3 Bb5 45.Kf4 Kf7 46.Be5 Ke6 47.Bd6 Kd5 48.Rb8 Rf7+ 49.Ke3 Kc4
50.f4 Kxb4 51.Kd4 Rf5 52.Be5 Rf7 53.Rd8 Rb7 54.Rb8  1/2-1/2

[Event "Manila ol (Men)"]
[Site "Manila"]
[Date "1992.??.??"]
[Round "?"]
[White "Stull, Norbert"]
[Black "Richmond, Peter"]
[Result "1-0"]
[WhiteElo "2225"]
[BlackElo "2220"]

1.d4 d5 2.Nf3 Nf6 3.c4 c6 4.Nc3 e6 5.e3 Nbd7 6.Bd3 dxc4 7.Bxc4 b5 8.Bd3 Bb7
9.O-O b4 10.Na4 c5 11.Nxc5 Nxc5 12.dxc5 Bxc5 13.Qe2 Qb6 14.e4 h6 15.Bf4 Rc8
16.Ne5 Bd6 17.Nc4 Rxc4 18.Bxd6 Rxe4 19.Bxe4 Nxe4 20.Be5 Qc6 21.Qg4 Rg8 22.Rfd1 h5
23.Qf3 g5 24.Rac1 Qb6 25.Bc7  1-0

[Event "Manila ol (Men)"]
[Site "Manila"]
[Date "1992.??.??"]
[Round "?"]
[White "Sitanggang, Salor"]
[Black "Prasad, Devaki V"]
[Result "0-1"]
[WhiteElo "2390"]
[BlackElo "2415"]

1.c4 Nf6 2.Nc3 c6 3.Nf3 d5 4.e3 e6 5.d4 Nbd7 6.Qc2 Bd6 7.Bd3 O-O 8.O-O dxc4
9.Bxc4 Qe7 10.Ne2 c5 11.dxc5 Nxc5 12.b4 Ncd7 13.a3 Nb6 14.Bd3 e5 15.Ng3 g6
16.Ng5 Bd7 17.N3e4 Nxe4 18.Nxe4 Rac8 19.Qe2 Na4 20.Bd2 Be6 21.Rab1 Rfd8 22.Bb5 Nb6
23.Rbc1 a6 24.Rxc8 Rxc8 25.Bd3 f5 26.Nxd6 Qxd6 27.Bc1 e4 28.Bb1 Bc4 29.Qd1 Qxd1
30.Rxd1 Bb3 31.Re1 Na4 32.f3 Bd5 33.fxe4 fxe4 34.Bd2 Nc3 35.Kf2 Nxb1 36.Rxb1 Rc2
37.Ke1 Ra2 38.Rc1 Bc6 39.Rc3 Kf7 40.g4 Ke6 41.h3 Kf6 42.Rc5 Rxa3 43.Bc3+ Ke6
44.Kf2 Rb3 45.Ke2 Kd6 46.Kd2 Rb1 47.h4 Rg1 48.Be5+ Ke6 49.g5 Rg4 50.Bf4 Rxh4
51.Re5+ Kd7 52.Ra5 Rh1 53.Ra2 Ke6 54.Rc2 Bd5 55.Rc8 Rb1 56.Rf8 Kd7 57.Kc3 Be6
58.Rh8 Rb3+ 59.Kd4 Rxb4+ 60.Ke5 Bf5 61.Rxh7+ Kc6 62.Kf6 a5 63.Rh1 Kd5 64.Bc7 a4
65.Rf1 Rc4 66.Rd1+ Kc6 67.Be5 b5 68.Rf1 a3  0-1

[Event "Manila ol (Men)"]
[Site "Manila"]
[Date "1992.??.??"]
[Round "?"]
[White "Kaabi, Mejdi"]
[Black "O'Donnell, Tom"]
[Result "1/2-1/2"]
[WhiteElo "2310"]
[BlackElo "2390"]

1.d4 d5 2.c4 e6 3.Nf3 c6 4.Nc3 Nf6 5.e3 Nbd7 6.a3 Bd6 7.b4 O-O 8.Bb2 Qe7
9.h3 a6 10.Be2 dxc4 11.Bxc4 e5 12.O-O e4 13.Nd2 Nb6 14.f4 Nfd5 15.Qe2 f5
16.Bb3 Be6 17.Nxd5 Bxd5 18.Nc4 Nxc4 19.Bxc4 Qe6 20.Rfc1 Rfc8 21.Qc2 Bxc4
22.Qxc4 Qxc4 23.Rxc4 a5 24.bxa5 Rxa5 25.a4 Rca8 26.Bc3 R5a6 27.Rb1 Rxa4 28.Rxa4 Rxa4
29.Rxb7 Ra3 30.Bb2  1/2-1/2

[Event "Alekhine op"]
[Site "Moscow"]
[Date "1992.??.??"]
[Round "?"]
[White "Shneider, Aleksandr"]
[Black "Shvedchikov, Anatoli I"]
[Result "1-0"]
[WhiteElo "2545"]
[BlackElo "2400"]

1.d4 d5 2.Nf3 Nf6 3.c4 c6 4.Nc3 e6 5.e3 Nbd7 6.Bd3 Bd6 7.O-O O-O 8.e4 dxe4
9.Nxe4 Nxe4 10.Bxe4 h6 11.Bc2 b6 12.b3 Bb7 13.Qd3 Nf6 14.Bb2 Re8 15.Rfe1 Rc8
16.Rad1 Rc7 17.Bb1 g6 18.Qc3 Be7 19.Ne5 Bf8 20.Qh3 Bg7 21.Bc1 Nh7 22.Bf4 g5
23.Bc1 Nf8 24.f4 f5 25.g4 fxg4 26.Qxg4 Bf6 27.fxg5 hxg5 28.h4 Rg7 29.h5 Rc7
30.Rf1 Nh7 31.Bxh7+  1-0

[Event "Alekhine op"]
[Site "Moscow"]
[Date "1992.??.??"]
[Round "?"]
[White "Lputian, Smbat G"]
[Black "Bagirov, Vladimir"]
[Result "1/2-1/2"]
[WhiteElo "2585"]
[BlackElo "2500"]

1.d4 d5 2.c4 c6 3.Nc3 Nf6 4.Nf3 e6 5.e3 Nbd7 6.Qc2 Bd6 7.b3 O-O 8.Be2 e5
9.cxd5 Nxd5 10.Bb2 exd4 11.Nxd5 Qa5+ 12.Kf1 Qxd5 13.Rd1 Qc5 14.Bc4 Be7 15.Bxd4 Qh5
16.h3 Bf6 17.g4 Qa5 18.h4 Bxd4 19.Rxd4 Ne5 20.b4 Qc7 21.Ng5 g6 22.h5 Nxc4
23.Rxc4 Qe5 24.Rc5 Qg7 25.hxg6 hxg6 26.f3 b6 27.Rxc6 Bb7 28.b5 Bxc6 29.bxc6 Qf6
30.f4 Rac8 31.c7  1/2-1/2

[Event "Alekhine op"]
[Site "Moscow"]
[Date "1992.??.??"]
[Round "?"]
[White "Shvedchikov, Anatoli I"]
[Black "Bagirov, Vladimir"]
[Result "1/2-1/2"]
[WhiteElo "2400"]
[BlackElo "2500"]

1.c4 c6 2.Nf3 d5 3.e3 Nf6 4.Nc3 e6 5.d4 Nbd7 6.Qc2 Bd6 7.b3 O-O 8.Be2 dxc4
9.bxc4 e5 10.O-O Re8 11.Rd1 Qc7  1/2-1/2

[Event "Moscow rapid"]
[Site "Moscow"]
[Date "1992.??.??"]
[Round "?"]
[White "Vyzmanavin, Alexey"]
[Black "Kramnik, Vladimir"]
[Result "1/2-1/2"]
[WhiteElo "2580"]
[BlackElo "2625"]

1.d4 d5 2.c4 c6 3.e3 Nf6 4.Nc3 e6 5.Nf3 Nbd7 6.Qc2 Bd6 7.Be2 O-O 8.O-O dxc4
9.Bxc4 Qe7 10.Bd2 a6 11.a4 c5 12.Rae1 b6 13.d5 Ne5 14.Nxe5 Bxe5 15.e4 exd5
16.Nxd5 Nxd5 17.Bxd5 Bb7 18.Bc3 Bxc3 19.bxc3 b5 20.Qd3 Bxd5 21.exd5 Qd6 22.axb5 axb5
23.Qxb5 Qxd5 24.Re3 Rab8 25.Qe2 Qc6 26.Re1 h6 27.h3 Rb3 28.Qc4 Qb5 29.Qd5 Rb1
30.Rxb1 Qxb1+ 31.Kh2 Qb8+ 32.g3 Qc7 33.Re5 Rc8 34.c4 Qc6 35.h4 Qxd5 36.Rxd5 Kf8
37.h5 Ke7 38.g4 Ke6 39.f3 Rc7 40.Kg3 Rc6 41.Kf4 f6 42.Ke4 Rc8 43.f4 Rc7 44.g5 hxg5
45.fxg5 fxg5 46.Rxg5 Kf7 47.Kd5 Ra7 48.Kc6 Ra1 49.Rxc5 Rc1 50.Kd6 Kf6 51.Kd5 Rd1+
52.Ke4 Re1+ 53.Kd4 Rd1+ 54.Kc3 Rh1 55.Rd5 Ke6 56.Kb4 Rb1+ 57.Kc5 Rb2 58.Rd6+ Ke7
59.Rg6 Kf7 60.Kd5 Rd2+  1/2-1/2

[Event "Moscow rapid"]
[Site "Moscow"]
[Date "1992.??.??"]
[Round "?"]
[White "Sokolin, Leonid M"]
[Black "Sorokin, Maxim"]
[Result "1-0"]
[WhiteElo "2435"]
[BlackElo "2550"]

1.d4 d5 2.c4 e6 3.Nc3 c6 4.e3 Nf6 5.Nf3 Nbd7 6.Qc2 Bd6 7.Be2 O-O 8.O-O Qe7
9.b3 b6 10.e4 dxe4 11.Nxe4 Nxe4 12.Qxe4 Bb7 13.Bb2 Ba3 14.Bc3 Bb4 15.Bxb4 Qxb4
16.Ne5 Nf6 17.Qf3 Qd6 18.Rfd1 Rad8 19.Rac1 Qc7 20.c5 bxc5 21.Rxc5 Nd7 22.Nxd7 Rxd7
23.Qe3 Rfd8 24.Bf3 Rd6  1-0

[Event "Moscow rapid"]
[Site "Moscow"]
[Date "1992.??.??"]
[Round "?"]
[White "Karpov, Anatoly"]
[Black "Sveshnikov, Evgeny"]
[Result "1/2-1/2"]
[WhiteElo "2715"]
[BlackElo "2525"]

1.d4 d5 2.c4 e6 3.Nc3 c6 4.Nf3 Nf6 5.e3 Nbd7 6.Qc2 Bd6 7.Be2 O-O 8.O-O Re8
9.Rd1 Qe7 10.h3 a6 11.b3 e5 12.cxd5 cxd5 13.dxe5 Nxe5 14.Bb2 Be6 15.Rac1 Rad8
16.Qb1 Bb8 17.Nxe5 Bxe5 18.Bf3 Ne4 19.Nxe4 Bf5 20.Bxe5 Qxe5 21.Nf6+ Qxf6
22.Qa1 Re5 23.Qd4 Bxh3 24.gxh3 Rg5+ 25.Bg4 Qxd4 26.Rxd4 h5 27.f4 Rg6 28.f5 Rg5
29.Rc7 hxg4 30.hxg4 g6 31.fxg6 Rxg6 32.Rxb7 Rc8 33.Kf2 Rc2+ 34.Kg3 Rxa2 35.Rxd5 Ra1
36.Rd4 Re1 37.Re4 Rg1+ 38.Kf3 Rf1+ 39.Ke2 Rg1 40.Rf4 Rg7 41.Kf3 Rf1+ 42.Ke4 Rg1
43.Kf5 Rg6 44.e4  1/2-1/2

[Event "Moscow rapid"]
[Site "Moscow"]
[Date "1992.??.??"]
[Round "?"]
[White "Karpov, Anatoly"]
[Black "Akopian, Vladimir"]
[Result "1/2-1/2"]
[WhiteElo "2715"]
[BlackElo "2600"]

1.d4 d5 2.c4 c6 3.Nc3 Nf6 4.e3 e6 5.Nf3 Nbd7 6.Qc2 Bd6 7.Be2 O-O 8.O-O dxc4
9.Bxc4 Qe7 10.Rd1 a6 11.h3 b5 12.Bd3 Bb7 13.a4 b4 14.Ne4 Nxe4 15.Bxe4 Nf6
16.Bd3 c5 17.dxc5 Bxc5 18.e4 h6 19.Qe2 Rfd8 20.Bf4 a5 21.e5 Nd5 22.Bg3 Nb6
23.Bc2 Rxd1+ 24.Rxd1 Rd8 25.Rxd8+ Qxd8 26.Qb5 Qc8 27.Bd3 Bxf3 28.gxf3 Bd4
29.b3 g6 30.Qxa5 Qc3 31.Qb5 Nd5 32.Qc4 Qe1+ 33.Bf1 Nf4 34.Kh2 Qxe5 35.a5 h5
36.h4 g5 37.Qc8+ Kg7 38.Qd8 Qf6 39.Qxf6+ Kxf6 40.a6 Ba7 41.Bxf4 gxf4 42.Kg2 Ke5
43.Bd3 Kd6 44.Bh7 Ke7 45.Bg8 Kf8 46.Bh7 Ke7 47.Kf1 Kd6 48.Ke2 Ke5 49.Bg8 Kf6
50.Bh7 Ke5 51.Kd3 Bxf2  1/2-1/2

[Event "Moscow Tal mem"]
[Site "Moscow"]
[Date "1992.??.??"]
[Round "?"]
[White "Vyzmanavin, Alexey"]
[Black "Savchenko, Stanislav"]
[Result "1-0"]
[WhiteElo "2580"]
[BlackElo "2505"]

1.d4 d5 2.c4 c6 3.e3 Nf6 4.Nc3 e6 5.Nf3 Nbd7 6.Qc2 Bd6 7.Be2 O-O 8.O-O dxc4
9.Bxc4 Qe7 10.Bd2 a6 11.a4 c5 12.dxc5 Bxc5 13.e4 Ng4 14.Bf4 Bd6 15.Qd2 Nde5
16.Nxe5 Bxe5 17.Rad1 Qc7 18.Bxe5 Nxe5 19.Be2 Bd7 20.f4 Nc6 21.e5 Rfd8 22.Ne4 Qb6+
23.Kh1 Nb4 24.a5 Qxa5 25.Nd6 Bc6 26.Bc4 Be4 27.Qc3 Qa4 28.Rd4 Bc2 29.Bxe6 fxe6
30.Rxb4 Qa5 31.Nxb7  1-0